000
00226nam a2200097Ia 4500
001
716132
005
20250826162938.0
008
250824s9999 xx 000 0 und d
245
0
_a
ODYSSEİA
_c
HOMEROS
260
_b
PANAMA YAYINLARI
999
_c
716132
_d
716132